000 00336nam a22001337a 4500
999 _c5717
_d5715
005 20210831130909.0
008 180628b xxu||||| |||| 00| 0 eng d
041 _aeng
100 _aASIRVATHAM DR.EDDY AND MISRA, K.K
_94421
245 _aPOLITICAL THEORY
260 _aNEW DELHI
_bS CHAND AND COMPANY LTD
300 _a845p,
942 _cBK